Learning to Teach (Record no. 2360)

MARC details
005 - DATE AND TIME OF LATEST TRANSACTION
control field 20250516084858.0
020 ## - INTERNATIONAL STANDARD BOOK NUMBER
International Standard Book Number 978-0-07-337867-1
082 ## - DEWEY DECIMAL CLASSIFICATION NUMBER
Classification number LECT 371.102 ARE
100 ## - MAIN ENTRY--PERSONAL NAME
Author name ARENDS, R. I.
245 ## - TITLE STATEMENT
Title Learning to Teach
250 ## - EDITION STATEMENT
Edition statement 8th Ed.
260 ## - PUBLICATION, DISTRIBUTION, ETC.
Place of publication, distribution, etc. Boston,
Name of publisher, distributor, etc. McGraw-Hill,
Date of publication, distribution, etc. 2009.
300 ## - PHYSICAL DESCRIPTION
Extent xxiii, 584p.: ill.; figure, picture, table.
Other physical details Glossary, Figure & Reference.
Dimensions 25cm.
856 ## - ELECTRONIC LOCATION AND ACCESS
Link text Access Online Book
Electronic name Learning to Teach
Path www.mhhe.com/arends8e
942 ## - ADDED ENTRY ELEMENTS (KOHA)
Source of classification or shelving scheme Dewey Decimal Classification
Koha item type Books
Holdings
Date last seen Total checkouts Full call number Barcode Cost, replacement price Price effective from Koha item type Lost status Source of classification or shelving scheme Damaged status Not for loan Withdrawn status Home library Current library Shelving location Date acquired Cost, normal purchase price
05/16/2025   LECT 371.102 ARE 0000008952 90000.00 05/16/2025 Books   Dewey Decimal Classification       College of Business Education Main Library College of Business Education Main Library General Collection 07/16/2012 30000.00
05/29/2025   371.102 ARE 00000010424 90000.00 05/29/2025 Books   Dewey Decimal Classification       College of Business Education Main Library College of Business Education Main Library Special Reserve Collection 07/16/2012 3000.00